000 01433nam a22004213 4500
001 22026
003 VRT
005 20260317163230.0
008 220107s2020 yu g h 000 1 slo d
020 _a9788651704577
_q(brožované)
035 _aa000699008
039 9 _a202506190829
_bAUTHORITY
_c202203290925
_dba00115
_c202203240930
_dargo
_c202201070759
_duhliarova
040 _aUKB
_bslo
_dUKB
_erda
041 1 _aslo
_heng
044 _arb
_cRS
072 7 _a929.5/.9
_xGenealógia. Heraldika. Šľachta. Vlajky
_2konspekt
072 7 _a929
_xBiografie
_2konspekt
080 _a929.732-055.2
_22011
080 _a(410)
_22011
080 _a929
_22011
080 _a(092)
_22011
100 1 _aMoody, Marcia
_4aut
240 1 0 _aKate - a biography.
_lSlovensky
245 1 0 _aKate
_bjej životopis
_n2. časť
_cMarcia Moody ; preložil Parcel Perecár
264 1 _a[Beograd]
_bLiber Novus d.o.o.
_c2020
300 _a127 strán
336 _atext
_btxt
_2rdacontent
337 _abez média
_bn
_2rdamedia
338 _azväzok
_bnc
_2rdacarrier
500 _aPreložené z angličtiny
600 1 7 _aMiddleton, Kate,
_d1982-
_2UKBPH
600 0 7 _aCatherine,
_cprincezná z Walesu,
_d1982-
_2UKBPH
650 0 7 _avojvodkyne
_zVeľká Británia
_y20.-21. storočie
_2UKBPH
655 7 _abiografie
_2UKBPH
700 1 _aPerecár, Marcel,
_d1972-
_4trl
942 _2ddc
_cKLDO
_n0
949 _61800856961
_92. časť
_a33.G.02192
_bDZ.2022-2
999 _c22026
_d22026